| 000 | 00921cam a2200229 i 4500 | ||
|---|---|---|---|
| 003 | CO-ViMGA | ||
| 020 | _a9789588827346 | ||
| 040 |
_aCO-ViMGA _bspa _cCO-ViMGA |
||
| 043 | _as-ck--- | ||
| 082 | 0 | 4 |
_a793.319861 _bC17L _221 |
| 100 | 1 |
_aCastillo Ballén, Leyla _eautora _97111 |
|
| 245 | 1 | 0 |
_aPasos en la tierra _bformación Creación Danza Comunidad _cLeyla Castillo, y Rafael Palacios |
| 250 | _aPrimera edición. | ||
| 300 |
_a220 páginas _bilustraciones _c24 cm _e1 videodisco (DVD) : digital, sonoro, color ; 12 cm |
||
| 504 | _aIncluye referencias bibliográficas e índice. | ||
| 650 | 1 | 4 |
_aDanzas populares y nacionales _zRegión Pacífica (Colombia) _y2008-2013 _97112 |
| 650 | 2 | 4 |
_aDanzas populares y nacionales colombianas _920 |
| 650 | 2 | 4 |
_aFolclor _zRegión Pacífica (Colombia) _y2008-2013 _97113 |
| 700 | 1 |
_aPalacios, Rafael _eautor _97114 |
|
| 710 | 1 |
_aColombia _bMinisterio de Cultura _92726 |
|
| 942 |
_2ddc _cBK |
||
| 999 |
_c37659 _d37659 |
||